La interacción didáctica

Guardat en:
Dades bibliogràfiques
Autor principal: Delamont, Sara (Autor)
Format: Llibre
Idioma:espanyol
Publicat: Madrid Cincel 1984
Col·lecció:Diálogos en educación, 17
Matèries:
Etiquetes: Afegir etiqueta
Sense etiquetes, Sigues el primer a etiquetar aquest registre!

MARC

LEADER 00000nam a2200000 a 4500
001 UCZ0455
003 CL-VaPUC
008 950728e19840000SP |||||||||||||||||spa|d
082 0 4 |a 371.102  |b DEL  |2 21 
100 0 |a Delamont, Sara  |e author  |9 343305 
245 1 3 |a La interacción didáctica 
300 |a 192 p 
942 |c BK 
945 |d 19950728 00:00:00  |a mfernand 
260 |a Madrid  |b Cincel  |c 1984 
650 7 |a RELACION DOCENTE ALUMNO  |2 CL-VaPUC  |9 307734 
650 0 |a Relaciones interpersonales  |9 307056 
650 0 |a Análisis del proceso de interacción   |9 338912 
650 0 |a Investigación educacional   |9 261192 
650 0 |a Disciplina escolar  |9 271077 
650 7 |a PSICOSOCIOLOGIA EDUCACIONAL  |2 CL-VaPUC  |9 338387 
650 7 |a COMPORTAMIENTO DEL ALUMNO  |2 CL-VaPUC  |9 338060 
650 7 |a COMPORTAMIENTO DEL DOCENTE  |2 CL-VaPUC  |9 339293 
650 0 |a Rol del docente  |9 329733 
583 |a last modification  |c 19950728 00:00:00  |k Rodrigo Vera 
490 0 |a Diálogos en educación, 17 
999 |c 237384  |d 237382 
952 |0 0  |1 0  |4 0  |6 371_102000000000000_DEL_1984  |7 0  |8 P  |9 246400  |a BIBEDU  |b BIBEDU  |c BIBEDU_PB  |d 2019-11-18  |i 1549456  |o 371.102 DEL 1984  |p 1549456  |r 2019-11-18  |w 2019-11-18  |y BK  |k EDU